000 01027nam a2200301 4500
003 EC-UNACH
005 20251022120229.0
006 s||||gr|||| 00| 00
008 150116t9999 mx r gr 000 0 spa d
020 _a978-9942-03-355-0
040 _aEC-UNACH
_cEC-UNACH
041 _aspa
082 0 4 _223
_a348.02
_bL017859
110 _aGride
245 _aApuntes de tributos municipales
250 _aPrimera edición
264 _aEcuador
_bGride
_c2010
300 _a85
505 _aCapitulo 1- Organismos seccionales presupuesto Capitulo 2- Impuestos tributarios municipales Capitulo 3- Tasas municipales y contribuciones especiales de mejoras
650 _aGobiernos municipales en la constitución politica
650 _aFines de las municipalidades
650 _aBienes de dominio publico
700 _aEco Loren A. Malavé Galarza/ Eco José L. Matías Sánchez
942 _2ddc
_c1
999 _c14063